[Event "Gaia Profigaia op 18th"]
[Site "Vila Nova de Gaia"]
[Date "2018.06.30"]
[Round "6"]
[White "Carvalho, Joao Miguel"]
[Black "Coimbra, Joao Marcial Ferrei"]
[Result "1-0"]
[WhiteElo "1171"]
[BlackElo "1463"]
[PlyCount "159"]
[EventDate "2018.06.27"]
[EventType "swiss"]
[EventRounds "7"]
[EventCountry "POR"]
[SourceTitle "CBM 185 Extra"]
[Source "ChessBase"]
[SourceDate "2018.07.29"]
[SourceVersion "1"]
[SourceVersionDate "2018.07.29"]
[SourceQuality "1"]

1. e4 d6 2. Nf3 Bg4 3. Bc4 e6 4. Nc3 c6 5. d4 h6 6. 0-0 Ne7 7. h3 Bh5 8. Bf4 g5 9. Bh2 g4 10. hxg4 Bxg4 11. e5 d5 12. Bd3 Qb6 13. b3 Nf5 14. Bxf5 Bxf5 15. Nh4 Bh7 16. Bf4 Qd8 17. g3 Be7 18. Qh5 Bxh4 19. gxh4 Bg6 20. Qg4 h5 21. Qg3 Nd7 22. Kh2 Qb6 23. Rad1 0-0-0 24. Na4 Qc7 25. Rd2 Rdg8 26. Rg1 Qd8 27. Bg5 Qe8 28. Nc5 Nxc5 29. dxc5 Bf5 30. Qf3 Rg6 31. Bf6 Rh7 32. Rxg6 Bxg6 33. c3 Qf8 34. b4 Qg8 35. Rd1 Bf5 36. Rg1 Bg4 37. Qg3 Qe8 38. f3 Bf5 39. a4 Rh6 40. Qg8 Qxg8 41. Rxg8+ Kc7 42. Bd8+ Kd7 43. Bg5 Rg6 44. Rh8 a6 45. Rxh5 Rg7 46. a5 Rh7 47. Rxh7 Bxh7 48. h5 Ke8 49. Bf6 Kf8 50. Kg3 Kg8 51. Kh4 Bc2 52. Kg5 Kh7 53. Be7 Kg7 54. h6+ Kh7 55. Kf6 Kxh6 56. Kxf7 Bf5 57. Ke8 Kg6 58. Kd7 Bh3 59. Kc7 Bf1 60. Kxb7 Bb5 61. Kc7 Kf5 62. Kd6 Kf4 63. Kxe6 Kxf3 64. Kf7 Ke4 65. e6 d4 66. cxd4 Kf5 67. Bd6 Bc4 68. Ke7 Bxe6 69. Kd8 Bc4 70. Kc7 Bb5 71. d5 cxd5 72. c6 Ke6 73. Bc5 d4 74. Kb7 d3 75. Be3 Kd6 76. c7 Bd7 77. c8Q Bxc8+ 78. Kxc8 Kc6 79. Kb8 Kb5 80. Kb7 1-0

[Event "Gaia Profigaia op 17th"]
[Site "Vila Nova de Gaia"]
[Date "2017.06.17"]
[Round "5"]
[White "Silva, Antonio Jose M Abre"]
[Black "Coimbra, Joao Marcial Ferrei"]
[Result "1/2-1/2"]
[WhiteElo "1164"]
[BlackElo "1402"]
[PlyCount "52"]
[EventDate "2017.06.14"]
[EventType "swiss"]
[EventRounds "7"]
[EventCountry "POR"]
[SourceTitle "CBM 179 Extra"]
[Source "ChessBase"]
[SourceDate "2017.08.23"]
[SourceVersion "1"]
[SourceVersionDate "2017.08.23"]
[SourceQuality "1"]

1. e4 c6 2. Bc4 e6 3. Nf3 h6 4. d4 d5 5. exd5 cxd5 6. Bb3 Nc6 7. 0-0 Nf6 8. Ba4 Bd6 9. Nc3 a6 10. Bxc6+ bxc6 11. Re1 Qc7 12. h3 Bd7 13. Ne5 a5 14. a3 Ra7 15. Nxd7 Kxd7 16. a4 Rb8 17. b3 Bb4 18. Bd2 Qb6 19. Ne2 Ne4 20. Bxb4 Qxb4 21. Rb1 Nc3 22. Nxc3 Qxc3 23. Re3 Qb4 24. Rg3 Rg8 25. c3 Qe7 26. Qd3 f6 1/2-1/2

[Event "POR-ch Seniors 65+"]
[Site "Luso"]
[Date "2017.04.10"]
[Round "3"]
[White "Fernandes, Jose Palma"]
[Black "Coimbra, Joao Marcial Ferrei"]
[Result "1-0"]
[WhiteElo "1451"]
[BlackElo "1382"]
[PlyCount "115"]
[EventDate "2017.04.09"]
[EventType "swiss"]
[EventRounds "5"]
[EventCountry "POR"]
[SourceTitle "EXT 2018"]
[Source "ChessBase"]
[SourceDate "2017.10.13"]
[SourceVersion "1"]
[SourceVersionDate "2017.10.13"]
[SourceQuality "1"]

1. d4 d5 2. c4 e6 3. e3 c6 4. Nf3 Bb4+ 5. Nc3 Nf6 6. a3 Bxc3+ 7. bxc3 h6 8. cxd5 exd5 9. c4 0-0 10. Bb2 Re8 11. Be2 dxc4 12. Bxc4 Be6 13. Bxe6 Rxe6 14. 0-0 Nbd7 15. Rc1 Nb6 16. Qc2 Rc8 17. Rfd1 Qd5 18. Ne5 Nbd7 19. f3 Nb6 20. e4 Qd6 21. Nc4 Qd8 22. Nxb6 Qxb6 23. Kh1 Rd8 24. Rb1 Rd7 25. Ba1 Qd8 26. Rb3 Qe7 27. Bc3 Nh5 28. Qf2 Nf4 29. Bb4 Qd8 30. g3 Nh3 31. Qe3 Ng5 32. Rbd3 Rf6 33. f4 Nh7 34. d5 g5 35. dxc6 gxf4 36. gxf4 Rxd3 37. Rxd3 Qc7 38. e5 Rxc6 39. Bc3 b6 40. Qg3+ Rg6 41. Qf3 Rc6 42. Qe3 a6 43. Qd4 Qb7 44. Kg1 Rg6+ 45. Rg3 Rxg3+ 46. hxg3 Qf3 47. Kh2 Qe2+ 48. Kh3 Qf1+ 49. Kh4 Qh1+ 50. Kg4 h5+ 51. Kf5 Qb1+ 52. Qe4 Qb3 53. Qd4 Qe6+ 54. Ke4 Qg6+ 55. Kf3 Nf8 56. e6 Qg4+ 57. Kf2 Nh7 58. Qh8# 1-0

[Event "POR-ch Seniors 65+"]
[Site "Luso"]
[Date "2017.04.10"]
[Round "2"]
[White "Nunes, Adelino Vitor"]
[Black "Coimbra, Joao Marcial Ferrei"]
[Result "1-0"]
[WhiteElo "1551"]
[BlackElo "1382"]
[PlyCount "149"]
[EventDate "2017.04.09"]
[EventType "swiss"]
[EventRounds "5"]
[EventCountry "POR"]
[SourceTitle "EXT 2018"]
[Source "ChessBase"]
[SourceDate "2017.10.13"]
[SourceVersion "1"]
[SourceVersionDate "2017.10.13"]
[SourceQuality "1"]

1. e4 c6 2. Nf3 d6 3. g3 Bg4 4. Bg2 Nd7 5. d3 Qa5+ 6. c3 Ne5 7. 0-0 Bxf3 8. Bxf3 e6 9. Bg2 h5 10. h4 Be7 11. Bf4 Ng6 12. b4 Qd8 13. Be3 Bf6 14. Qc2 e5 15. a4 N8e7 16. Nd2 Nf8 17. a5 Ne6 18. Bh3 Nf8 19. Nf3 Neg6 20. Qa4 Nd7 21. a6 b5 22. Qb3 Qe7 23. Kg2 Ngf8 24. Rh1 Ne6 25. c4 bxc4 26. dxc4 c5 27. bxc5 Ndxc5 28. Qb5+ Qd7 29. Bxe6 Qxb5 30. Bxf7+ Kxf7 31. cxb5 Nxe4 32. b6 axb6 33. Bxb6 Rhb8 34. Be3 d5 35. Ra4 Nc3 36. Ra3 Ne4 37. Rc1 Rc8 38. Rxc8 Rxc8 39. a7 Ra8 40. Bb6 Nd6 41. Ra4 Nc8 42. Bc5 Ne7 43. Rb4 Nc6 44. Rb7+ Kg6 45. Bb6 d4 46. Nd2 Kf5 47. f3 Kg6 48. Nb3 d3 49. Be3 Kf5 50. Kf2 e4 51. Na5 Nxa7 52. fxe4+ Kxe4 53. Rxa7 Rc8 54. Nb3 Rc2+ 55. Nd2+ Kf5 56. Ra3 Bc3 57. Ke1 Kg4 58. Kd1 Bxd2 59. Bxd2 Kxg3 60. Rxd3+ Kxh4 61. Kxc2 g5 62. Rd4+ g4 63. Be1+ Kh3 64. Rd3+ Kg2 65. Bh4 Kh2 66. Kd2 Kg2 67. Rg3+ Kh2 68. Ke3 Kh1 69. Kf4 Kh2 70. Kg5 Kh1 71. Kxh5 Kh2 72. Kxg4 Kh1 73. Rf3 Kg2 74. Rf2+ Kg1 75. Kg3 1-0

[Event "Coimbra Queima das Fitas op"]
[Site "Coimbra"]
[Date "2016.04.22"]
[Round "1"]
[White "Coimbra, Joao Marcial Ferrei"]
[Black "Pintor, Simao Maciel Abranc"]
[Result "0-1"]
[WhiteElo "1403"]
[BlackElo "2000"]
[PlyCount "88"]
[EventDate "2016.04.22"]
[EventType "swiss"]
[EventRounds "7"]
[EventCountry "POR"]
[SourceTitle "EXT 2018"]
[Source "ChessBase"]
[SourceDate "2017.10.13"]
[SourceVersion "1"]
[SourceVersionDate "2017.10.13"]
[SourceQuality "1"]

1. c3 d5 2. d4 Nf6 3. Nf3 c5 4. Bg5 Ne4 5. Bh4 Nc6 6. e3 Qb6 7. Qb3 c4 8. Qxb6 axb6 9. Nbd2 Bf5 10. Nxe4 Bxe4 11. Nd2 Bg6 12. Be2 e6 13. Bg3 b5 14. h4 h6 15. h5 Bh7 16. Bf3 b4 17. e4 bxc3 18. bxc3 Ba3 19. exd5 exd5 20. 0-0 0-0 21. Bxd5 Bb2 22. Nb1 Bxa1 23. Bxc6 bxc6 24. Bd6 Rfe8 25. a3 Bxb1 26. Rxb1 Bxc3 27. Rb6 Bxd4 28. Rxc6 Rac8 29. Ra6 Re1+ 30. Kh2 Be5+ 31. Bxe5 Rxe5 32. Rd6 c3 33. Rd1 c2 34. Rc1 Rxh5+ 35. Kg3 Rd5 36. Kf3 Rd1 37. Rxd1 cxd1Q+ 38. Kg3 Qd6+ 39. Kh3 Rc1 40. g3 Qe6+ 41. Kg2 Qe4+ 42. f3 Qe2+ 43. Kh3 Qxf3 44. Kh4 Rh1# 0-1

[Event "POR-chT Districts"]
[Site "Pombal"]
[Date "2015.07.05"]
[Round "4.3"]
[White "Coimbra, Joao Marcial Ferrei"]
[Black "Castro, Francisco Manuel Fe"]
[Result "0-1"]
[WhiteElo "1414"]
[BlackElo "2104"]
[PlyCount "88"]
[EventDate "2015.07.04"]
[EventType "team-swiss"]
[EventRounds "4"]
[EventCountry "POR"]
[SourceTitle "EXT 2018"]
[Source "ChessBase"]
[SourceDate "2017.10.13"]
[SourceVersion "1"]
[SourceVersionDate "2017.10.13"]
[SourceQuality "1"]
[WhiteTeam "Coimbra"]
[BlackTeam "Aveiro"]
[WhiteTeamCountry "POR"]
[BlackTeamCountry "POR"]

1. e3 e5 2. d3 Nf6 3. c3 Be7 4. Ne2 0-0 5. Nd2 d5 6. h3 c5 7. Ng3 Nc6 8. b3 Be6 9. Be2 Nd7 10. Bb2 f5 11. Ngf1 f4 12. e4 Bh4 13. Bf3 Qb6 14. exd5 Bf5 15. Nc4 Qc7 16. dxc6 bxc6 17. Be4 Bxe4 18. dxe4 Nf6 19. Qf3 Rad8 20. Rd1 Rf7 21. Rxd8+ Qxd8 22. Nxe5 Qe8 23. c4 Re7 24. Qxf4 Nd7 25. Qxh4 Nxe5 26. Qg3 Ng6 27. f3 Qd8 28. Bc3 Qd3 29. Bd2 Rd7 30. h4 Qd4 31. Qf2 Qa1+ 32. Ke2 Nf4+ 33. Ke3 Qd4+ 34. Kxf4 Qxf2 35. Be3 Rf7+ 36. Ke5 Qxg2 37. Rh2 Qxf1 38. Rd2 Qxf3 39. Rd8+ Rf8 40. Rxf8+ Qxf8 41. Ke6 Qe8+ 42. Kd6 Qxe4 43. Bxc5 Kf7 44. Bxa7 Qe7+ 0-1

[Event "Coimbra Queima das Fitas op"]
[Site "Coimbra"]
[Date "2015.05.02"]
[Round "4"]
[White "Coimbra, Joao Marcial Ferrei"]
[Black "Gama, Afonso"]
[Result "1/2-1/2"]
[WhiteElo "1441"]
[BlackElo "1288"]
[PlyCount "51"]
[EventDate "2015.04.30"]
[EventType "swiss"]
[EventRounds "7"]
[EventCountry "POR"]
[SourceTitle "EXT 2018"]
[Source "ChessBase"]
[SourceDate "2017.10.13"]
[SourceVersion "1"]
[SourceVersionDate "2017.10.13"]
[SourceQuality "1"]

1. d4 d5 2. c3 Nc6 3. e3 e5 4. Bb5 exd4 5. cxd4 a6 6. Bxc6+ bxc6 7. h3 Bb4+ 8. Bd2 Be7 9. Nf3 Nf6 10. Nc3 0-0 11. a3 c5 12. Ne2 Bd7 13. Ne5 Bb5 14. Nc3 Be8 15. Ne2 cxd4 16. Nxd4 Qd6 17. Nef3 c5 18. Nf5 Qd7 19. Nxe7+ Qxe7 20. Kf1 Bb5+ 21. Kg1 Rab8 22. b4 cxb4 23. Bxb4 Qc7 24. Rc1 Bc4 25. Bxf8 Kxf8 26. Nd4 1/2-1/2

[Event "POR-ch Seniors"]
[Site "Sao Pedro do Sul"]
[Date "2015.01.14"]
[Round "5"]
[White "Baptista, Carlos MM"]
[Black "Coimbra, Joao Marcial Ferrei"]
[Result "1-0"]
[WhiteElo "1534"]
[BlackElo "1448"]
[PlyCount "63"]
[EventDate "2015.01.11"]
[EventType "swiss"]
[EventRounds "7"]
[EventCountry "POR"]
[SourceTitle "EXT 2018"]
[Source "ChessBase"]
[SourceDate "2017.10.13"]
[SourceVersion "1"]
[SourceVersionDate "2017.10.13"]
[SourceQuality "1"]

1. d4 c6 2. c4 d6 3. Nc3 e6 4. e4 Nd7 5. Nf3 h6 6. Bd3 Be7 7. 0-0 b6 8. Bf4 g5 9. Bg3 c5 10. dxc5 Nxc5 11. Bc2 g4 12. Nd4 e5 13. Nc6 Qc7 14. Nxe7 Nxe7 15. Nb5 Qc6 16. Nxd6+ Kf8 17. Bxe5 Rg8 18. Qd2 Rg6 19. Qf4 Be6 20. Nf5 Bxc4 21. Rfd1 Nxf5 22. exf5 Rg5 23. Qxc4 Re8 24. Rd6 Qc7 25. Bf4 Qe7 26. g3 f6 27. Rad1 Rh5 28. Bb3 Kg7 29. Be3 Qe4 30. Qf7+ Kh8 31. Qxh5 Re7 32. Qxh6+ 1-0

[Event "POR-ch Seniors rapid"]
[Site "Sao Pedro do Sul"]
[Date "2015.01.10"]
[Round "1"]
[White "Morais, Vitor Mestre"]
[Black "Coimbra, Joao Marcial Ferrei"]
[Result "1-0"]
[WhiteElo "1951"]
[BlackElo "1495"]
[PlyCount "53"]
[EventDate "2015.01.10"]
[EventType "swiss (rapid)"]
[EventRounds "6"]
[EventCountry "POR"]
[SourceTitle "EXT 2018"]
[Source "ChessBase"]
[SourceDate "2017.10.13"]
[SourceVersion "1"]
[SourceVersionDate "2017.10.13"]
[SourceQuality "1"]

1. Nc3 c6 2. e4 d6 3. Nf3 Bg4 4. Be2 e6 5. 0-0 Ne7 6. d4 Nd7 7. h3 Bh5 8. Bf4 Nf6 9. Qd2 h6 10. Rad1 Qa5 11. Bxd6 Nc8 12. Be5 Nd7 13. Bh2 Be7 14. a3 Bxf3 15. Bxf3 Bg5 16. Qd3 Qb6 17. d5 Nc5 18. Qc4 0-0 19. b4 Na6 20. dxe6 fxe6 21. Qxe6+ Kh8 22. Qc4 Re8 23. Na4 Qb5 24. Qxb5 cxb5 25. Nc5 b6 26. Nxa6 Ne7 27. Nc7 1-0

[Event "Lisbon Christmas op"]
[Site "Lisbon"]
[Date "2014.12.29"]
[Round "6"]
[White "Halfhide, Sebastian"]
[Black "Coimbra, Joao Marcial Ferrei"]
[Result "1-0"]
[WhiteElo "2068"]
[BlackElo "1448"]
[PlyCount "55"]
[EventDate "2014.12.26"]
[EventType "swiss"]
[EventRounds "9"]
[EventCountry "POR"]
[SourceTitle "EXT 2018"]
[Source "ChessBase"]
[SourceDate "2017.10.13"]
[SourceVersion "1"]
[SourceVersionDate "2017.10.13"]
[SourceQuality "1"]

1. e4 f6 2. d4 d6 3. Nc3 c6 4. f4 g6 5. Nf3 Bg7 6. Bd3 e6 7. Be3 Ne7 8. Qd2 a6 9. 0-0-0 d5 10. h4 f5 11. exf5 exf5 12. h5 Be6 13. hxg6 hxg6 14. Rxh8+ Bxh8 15. Bf2 Bf7 16. Bh4 Qd6 17. Ne5 Bf6 18. Qf2 Nd7 19. Re1 Bxh4 20. Qxh4 Qf6 21. Qf2 Nf8 22. g4 Be6 23. g5 Qg7 24. Na4 Nd7 25. Nc5 Nxc5 26. dxc5 Bd7 27. Qd4 Kd8 28. Nxc6+ 1-0

[Event "POR-ch Seniors"]
[Site "Torres Vedras"]
[Date "2014.01.14"]
[Round "4"]
[White "Dias, Jose Oliveira Gaspa"]
[Black "Coimbra, Joao Marcial Ferrei"]
[Result "0-1"]
[WhiteElo "1643"]
[BlackElo "1519"]
[PlyCount "94"]
[EventDate "2014.01.12"]
[EventType "swiss"]
[EventRounds "7"]
[EventCountry "POR"]
[SourceTitle "EXT 2015"]
[Source "ChessBase"]
[SourceDate "2014.11.20"]
[SourceVersion "1"]
[SourceVersionDate "2014.11.20"]
[SourceQuality "1"]

1. Nf3 g6 2. e4 Bg7 3. d4 Nf6 4. e5 Ng8 5. Bc4 h6 6. 0-0 e6 7. d5 b6 8. Nc3 a6 9. a4 Bb7 10. dxe6 fxe6 11. Bd3 Ne7 12. Nh4 0-0 13. f4 Nbc6 14. Qg4 Nd4 15. Nxg6 Nxg6 16. Qxg6 Nf5 17. Bd2 Qe7 18. Ne4 Bxe4 19. Bxe4 Rad8 20. Ra3 Qf7 21. Qg4 d5 22. exd6 cxd6 23. Rb3 Rb8 24. Bxf5 exf5 25. Qe2 a5 26. Rg3 Kh8 27. b3 Rfe8 28. Qd3 d5 29. Rd1 Re4 30. Rh3 Qe6 31. c3 Rc8 32. Re3 Rc7 33. Rxe4 fxe4 34. Qe2 Bxc3 35. Be3 Bg7 36. g4 Rd7 37. f5 Qf7 38. Bxb6 Bc3 39. Qb5 d4 40. Qe5+ Kh7 41. Bxd4 Bxd4+ 42. Rxd4 Rxd4 43. Qxd4 Qe7 44. f6 Qe6 45. f7 Qxg4+ 46. Kh1 Qf3+ 47. Kg1 Qf5 0-1

[Event "Famalicao op 1st"]
[Site "Famalicao"]
[Date "2013.08.30"]
[Round "9.17"]
[White "Pereira, Carlos Marco Carval"]
[Black "Coimbra, Joao Marcial Ferrei"]
[Result "1-0"]
[WhiteElo "1604"]
[BlackElo "1511"]
[PlyCount "143"]
[EventDate "2013.08.26"]
[EventType "swiss"]
[EventRounds "9"]
[EventCountry "POR"]
[SourceTitle "EXT 2015"]
[Source "ChessBase"]
[SourceDate "2014.11.20"]
[SourceVersion "1"]
[SourceVersionDate "2014.11.20"]
[SourceQuality "1"]

1. d4 g6 2. c4 Bg7 3. Nc3 c6 4. Nf3 d6 5. e4 Bg4 6. Be2 Bxf3 7. Bxf3 Nd7 8. g3 e5 9. d5 Qc7 10. 0-0 h5 11. h4 Nh6 12. Be3 f5 13. Qd2 Ng4 14. Bg5 Bf6 15. exf5 gxf5 16. dxc6 bxc6 17. Rad1 Ke7 18. b4 Rag8 19. b5 Bxg5 20. hxg5 Kf8 21. Qxd6+ Qxd6 22. Rxd6 Rg7 23. Bxc6 h4 24. Rxd7 Rxd7 25. Bxd7 hxg3 26. fxg3 Ne3 27. Kf2 f4 28. Rg1 Rh2+ 29. Kf3 Nxc4 30. gxf4 exf4 31. Kxf4 Rf2+ 32. Kg3 Rc2 33. Nd1 Nb6 34. Bc6 Rxa2 35. Rg2 Ra3+ 36. Kg4 Rd3 37. Nb2 Rd4+ 38. Kf5 Kg7 39. Re2 Nc8 40. Ke5 Rd8 41. Nc4 Ne7 42. Rd2 Ng6+ 43. Ke4 Rf8 44. Rd7+ Kh8 45. Rxa7 Rf4+ 46. Ke3 Rxc4 47. Kd3 Rc5 48. Kd4 Rxg5 49. b6 Rg4+ 50. Be4 Nf4 51. Ra8+ Kg7 52. Ke5 Nh5 53. b7 Rg5+ 54. Bf5 Ng3 55. Kf4 Rxf5+ 56. Kxg3 Rb5 57. b8Q Rxb8 58. Rxb8 Kf6 59. Rb5 Ke6 60. Kf4 Kd6 61. Ke4 Kc6 62. Rd5 Kc7 63. Ke5 Kc6 64. Ke6 Kc7 65. Rd6 Kc8 66. Rd7 Kb8 67. Kd6 Kc8 68. Kc6 Kb8 69. Rc7 Ka8 70. Kb6 Kb8 71. Rc1 Ka8 72. Rc8# 1-0